000 00305nam a2200133 i 4500
001 bg
245 0 _aMolekuljarnaja fizika i biofizika vodnych sistem.
250 _aWyd.3.
260 _aLeningrad,
_c1976.
040 _cBPK
041 _apol
942 _cKS
008 s pl f |000 0 pol
999 _c27427
_d27427
856 _uhttp://koha.tu.koszalin.pl/cgi-bin/koha/opac-detail.pl?biblionumber=27427
_yKatalog online BPK